00598 2200205 4500001002100000005001700021008004100038035002400079041000800103043001200111082001400123090002500137100001500162245010800177260003300285300002800318650002200346850001200368990001200380YOGYA-0511000000204420110531133627.0 ind  0010-051100000002043 aInd aYOPDYOG a332.41083 aYOG 332.41083bPus S aPUSAT DATA aStatistik harga dan beberapa indikator ekonomi Daerah Istimewa Yogyakarta Juli-Desember 1984/Pusat Data aYogyakartabPusat Datac1984 av,72 hlm,bilus.c32 cm aInflasi-Statistik aYOPDYOG a63944-a